Statistiques concernant Quiz sur Avrillé

Cliquez ici pour prendre le quiz!

Statistiques générales

  • Ce quiz a été pris 9 fois
  • Le résultat moyen est 8 sur 20

Statistiques - réponses

HintRéponse% Correct
Préfecture de ce départementAngers
100%
Département de la villeMaine-et-Loire
100%
Région dans laquelle se trouve AvrilléPays de la Loire
100%
GentiléAvrillais(e)
75%
Rang de la ville dans le département (population)13
63%
Traduction de "Au revoir" en avrillaisTopette
63%
Population de la ville en 2019 (à 500 près)14500
38%
Traduction de "Quelle heure est-il ?" en avrillaisIl est wie Spät ?
38%
Cette personne, réelle pour les uns et mythe pour les autres, est considérée comme la déesse d'AvrilléSacha Nauleau
38%
Spécialité artisanale d'Avrillé datant de cette époqueArdoisières
25%
Triste évènement qui s'y déroula pendant la Terreur (1794)Fusillades d'Avrillé
25%
Monument historique de la ville, aillant accueilli un pingouin en 2022Transat
25%
Nom du propriétaire romain à l'origine du nom de la villeAprilis
13%
Lieu commémoratif de cet évènementChamp des martyrs
13%
Célèbre famille à l'origine d'un alcool localCointreau
13%
Propriétaire du territoire jusqu'en 1129Comte d'Anjou
13%
Animal emblème de la villeKoala
13%
L'armée en a jeté 7000 dans la déchetterie de la ville après la Première Guerre mondiale, faisant d'Avrillé une zone à surveillerMunitions
13%
Maire de la villeCaroline Houssin-Salvetat
0%
Premier maire d'AvrilléFrançois-René Coué
0%

Distribution des résultats

Percentile par nombre de réponses

% des personnes avec chaque résultat

Votre développement - résultats

Vous n’avez pas pris ce quiz